[Event "Landesklasse West 2015/2016"]
[Site "?"]
[Date "2016.01.24"]
[Round "9"]
[White "Jörges, Frank"]
[Black "Minor, Viatcheslav"]
[Result "1/2-1/2"]
[WhiteElo "1823"]
[BlackElo "1914"]
[PlyCount "63"]
[EventDate "2016.??.??"]
[WhiteTeam "ESV Lok Meiningen"]
[BlackTeam "SV Wartburgstadt Eisenach"]

1. d4 Nf6 2. Nf3 g6 3. Bf4 Bg7 4. e3 d6 5. h3 Nbd7 6. Be2 b6 7. Nbd2 Bb7 8. c3
O-O 9. O-O Re8 10. Qc2 e5 11. dxe5 dxe5 12. Bh2 e4 13. Nd4 a6 14. Rfd1 Rc8 15.
a4 Ne5 16. Nc4 Nfd7 17. Nxe5 Bxe5 18. Bxe5 Rxe5 19. Bg4 f5 20. Be2 c5 21. Bc4+
Kh8 22. Ne6 Qe7 23. Nf4 Nf6 24. Rd2 g5 25. Ne2 Rd8 26. Rxd8+ Qxd8 27. Rd1 Qc7
28. Qd2 Nd5 29. Bb3 c4 30. Bc2 b5 31. axb5 axb5 32. Qd4 1/2-1/2

[Event "Landesklasse West 2015/2016"]
[Site "?"]
[Date "2016.01.24"]
[Round "9"]
[White "Neef, Michael"]
[Black "Lehmann, Peter"]
[Result "1/2-1/2"]
[WhiteElo "1866"]
[BlackElo "1888"]
[PlyCount "43"]
[EventDate "2016.??.??"]
[WhiteTeam "SV Wartburgstadt Eisenach"]
[BlackTeam "ESV Lok Meiningen"]

1. d4 Nf6 2. c4 g6 3. Nc3 Bg7 4. e4 d6 5. h3 O-O 6. Be3 e5 7. d5 Ne8 8. Qd2 f5
9. f3 fxe4 10. Nxe4 Bf5 11. Bd3 Nd7 12. Ne2 b6 13. N2c3 Nc5 14. Bc2 Bxe4 15.
Nxe4 Nf6 16. Nxf6+ Qxf6 17. Bg5 Qf7 18. O-O-O a5 19. Rde1 Rfb8 20. a4 Qd7 21.
b3 Rf8 22. Be3 1/2-1/2

[Event "Landesklasse West 2015/2016"]
[Site "?"]
[Date "2016.01.24"]
[Round "9"]
[White "Grube, Jan"]
[Black "Königsdörfer, Gerhard"]
[Result "0-1"]
[WhiteElo "1824"]
[BlackElo "1897"]
[PlyCount "78"]
[EventDate "2016.??.??"]
[WhiteTeam "ESV Lok Meiningen"]
[BlackTeam "SV Wartburgstadt Eisenach"]

1. c4 e5 2. Nc3 Nf6 3. g3 Bc5 4. Bg2 Nc6 5. Nf3 O-O 6. O-O Re8 7. d3 h6 8. Bd2
a6 9. a3 a5 10. e3 d6 11. Nb5 Bb6 12. Qc2 Bf5 13. Nh4 Bh7 14. e4 Ne7 15. Rae1
c6 16. Nc3 Nd7 17. Be3 f5 18. Na4 Bxe3 19. fxe3 fxe4 20. dxe4 Nf6 21. Nf5 Kh8
22. Rd1 Bxf5 23. exf5 Qc7 24. e4 Rad8 25. Rf3 c5 26. Nc3 Nc6 27. Nb5 Qb8 28.
Qd2 b6 29. Nxd6 Nxe4 30. Qd5 Rxd6 31. Qxe4 Rxd1+ 32. Bf1 Qd6 33. Rf2 Rf8 34. g4
Rd4 35. Qf3 Rf4 36. Qg2 Qd4 37. Qg3 g6 38. h3 gxf5 39. Qh4 Qxf2+ 0-1

[Event "Landesklasse West 2015/2016"]
[Site "?"]
[Date "2016.01.24"]
[Round "9"]
[White "Latka, Vera"]
[Black "Anschütz, Bernd"]
[Result "1/2-1/2"]
[WhiteElo "1754"]
[BlackElo "1728"]
[PlyCount "65"]
[EventDate "2016.??.??"]
[WhiteTeam "ESV Lok Meiningen"]
[BlackTeam "SV Wartburgstadt Eisenach"]

1. e4 c5 2. Nf3 a6 3. d4 cxd4 4. Nxd4 e5 5. Nf3 Nf6 6. Nc3 Bb4 7. Bd2 O-O 8.
Bd3 Bxc3 9. Bxc3 d5 10. Nxe5 dxe4 11. Bc4 Qc7 12. O-O Nc6 13. Nxc6 Qxc6 14.
Bxf6 Qxf6 15. c3 Qg6 16. Kh1 b5 17. Bd5 Ra7 18. Re1 Re7 19. Qd4 Bf5 20. Re3 Rd7
21. Qe5 Rfd8 22. Bb3 Qf6 23. Qxf6 gxf6 24. Rae1 Bg6 25. g3 Bh5 26. g4 Bg6 27.
Bc2 Rd2 28. R1e2 h5 29. h3 f5 30. gxf5 Bxf5 31. Kh2 Rxe2 32. Rxe2 Bg6 33. Kg3
1/2-1/2

[Event "Landesklasse West 2015/2016"]
[Site "?"]
[Date "2016.01.24"]
[Round "9"]
[White "Ulbricht, Olaf"]
[Black "Rosenberg, Erik"]
[Result "1/2-1/2"]
[WhiteElo "1571"]
[BlackElo "1647"]
[PlyCount "21"]
[EventDate "2016.??.??"]
[WhiteTeam "SV Wartburgstadt Eisenach"]
[BlackTeam "ESV Lok Meiningen"]

1. e4 c6 2. d4 d5 3. e5 Bf5 4. Bd3 Bxd3 5. Qxd3 e6 6. f4 Nh6 7. Nf3 c5 8. Qb5+
Qd7 9. Qxd7+ Nxd7 10. c3 Rc8 11. h3 1/2-1/2

[Event "Landesklasse West 2015/2016"]
[Site "?"]
[Date "2016.01.24"]
[Round "9"]
[White "Grundei, Hans-Jürgen"]
[Black "Becker, Walter"]
[Result "1/2-1/2"]
[WhiteElo "1383"]
[BlackElo "1475"]
[PlyCount "78"]
[EventDate "2016.??.??"]
[WhiteTeam "ESV Lok Meiningen"]
[BlackTeam "SV Wartburgstadt Eisenach"]

1. e4 d6 2. d4 Nf6 3. Nc3 g6 4. Be2 Bg7 5. h3 O-O 6. Nf3 c6 7. O-O Nbd7 8. Be3
b5 9. b4 a6 10. Bd3 Bb7 11. g4 Nb6 12. Nd2 Nfd7 13. f3 e5 14. Ne2 d5 15. c3 Nc4
16. Bf2 Nb2 17. Qc2 Nxd3 18. Qxd3 Re8 19. Ng3 Qc7 20. Nb3 a5 21. Nxa5 Ba6 22.
Nb3 Nb6 23. Kg2 Nc4 24. Nc5 Bc8 25. a4 Nb2 26. Qc2 Nxa4 27. Nxa4 bxa4 28. Rxa4
Ba6 29. Rfa1 Bb7 30. Rxa8 Bxa8 31. Ra5 Bh6 32. h4 Bf4 33. Ne2 Bh6 34. Bg3 Bf4
35. Rc5 Qd6 36. c4 Bxg3 37. Nxg3 exd4 38. cxd5 cxd5 39. Rc8 Qd7 1/2-1/2

[Event "Landesklasse West 2015/2016"]
[Site "?"]
[Date "2016.01.24"]
[Round "9"]
[White "Tischner, Manfred"]
[Black "Lo, Bao Anh"]
[Result "1-0"]
[WhiteElo "1718"]
[BlackElo "1150"]
[PlyCount "75"]
[EventDate "2016.??.??"]
[WhiteTeam "SV Wartburgstadt Eisenach"]
[BlackTeam "ESV Lok Meiningen"]

1. e4 e5 2. Bc4 Nc6 3. d3 d6 4. c3 Nf6 5. Ne2 Be7 6. O-O O-O 7. f4 Na5 8. Bb5
c6 9. Ba4 b5 10. Bc2 Qb6+ 11. Kh1 c5 12. Be3 Nc6 13. a3 Qc7 14. Nd2 Bg4 15. Qe1
Nd7 16. h3 Bxe2 17. Qxe2 f5 18. exf5 Rxf5 19. d4 Rf7 20. dxc5 dxc5 21. Qxb5 Rb8
22. Qd3 Rf6 23. Qxh7+ Kf8 24. Qh8+ Kf7 25. Qh5+ g6 26. Qh7+ Ke8 27. Bxg6+ Kd8
28. Ne4 Rf8 29. b4 exf4 30. Bg1 Qe5 31. Rad1 Kc7 32. Nxc5 Bxc5 33. Qxd7+ Kb6
34. Bxc5+ Kb5 35. Qd3+ Ka4 36. Qa6+ Kb3 37. Rb1+ Kxc3 38. Qd3# 1-0

[Event "Landesklasse West 2015/2016"]
[Site "?"]
[Date "2016.01.24"]
[Round "9"]
[White "Petiko, Nikolai"]
[Black "Rätsch, Heinz"]
[Result "1/2-1/2"]
[WhiteElo "1962"]
[BlackElo "2030"]
[PlyCount "42"]
[EventDate "2016.??.??"]
[WhiteTeam "SV Breitenworbis"]
[BlackTeam "Schachclub 1998 Gotha"]

1. e4 d5 2. exd5 Qxd5 3. Nc3 Qa5 4. d4 Nf6 5. Bc4 Bf5 6. Bd2 Qb6 7. Qe2 c6 8.
O-O-O e6 9. Nf3 Bb4 10. Ne5 O-O 11. g4 Bxc3 12. Bxc3 Be4 13. f3 Bd5 14. g5 Nfd7
15. Rhe1 Nxe5 16. dxe5 Nd7 17. Rd4 Rfd8 18. Bxd5 cxd5 19. Rh4 Rac8 20. Bb4 Nc5
21. Ba3 Qa6 1/2-1/2

[Event "Landesklasse West 2015/2016"]
[Site "?"]
[Date "2016.01.24"]
[Round "9"]
[White "Rockstuhl, Reiner"]
[Black "Gast, Rainer"]
[Result "1/2-1/2"]
[WhiteElo "1805"]
[BlackElo "1839"]
[PlyCount "35"]
[EventDate "2016.??.??"]
[WhiteTeam "Schachclub 1998 Gotha"]
[BlackTeam "SV Breitenworbis"]

1. e4 c5 2. Nf3 e6 3. d4 cxd4 4. Nxd4 Nf6 5. Nc3 d6 6. Be2 Be7 7. Be3 a6 8. a4
O-O 9. O-O Qc7 10. Nb3 Nbd7 11. a5 Nc5 12. Nxc5 dxc5 13. f4 Rd8 14. Qe1 Bd7 15.
Bf3 Be8 16. Qf2 Rac8 17. Rfd1 Rxd1+ 18. Bxd1 1/2-1/2

[Event "Landesklasse West 2015/2016"]
[Site "?"]
[Date "2016.01.24"]
[Round "9"]
[White "Hellrung, Bernhard"]
[Black "Lutzkat, Ulrich"]
[Result "1/2-1/2"]
[WhiteElo "1865"]
[BlackElo "1930"]
[PlyCount "38"]
[EventDate "2016.??.??"]
[WhiteTeam "SV Breitenworbis"]
[BlackTeam "Schachclub 1998 Gotha"]

1. e4 c5 2. c3 Nf6 3. e5 Nd5 4. d4 cxd4 5. Qxd4 e6 6. Bc4 Nc6 7. Qe4 Qc7 8. Nf3
f6 9. exf6 Nxf6 10. Qe2 d5 11. Bb3 Bd6 12. Bg5 O-O 13. Nbd2 Bd7 14. O-O Rae8
15. Rad1 a6 16. Bh4 Ng4 17. Bg3 Bxg3 18. hxg3 Na5 19. Bc2 Bb5 1/2-1/2

[Event "Landesklasse West 2015/2016"]
[Site "?"]
[Date "2016.01.24"]
[Round "9"]
[White "Manger, Hans-Gerald"]
[Black "Petiko, Jakob"]
[Result "1/2-1/2"]
[WhiteElo "1806"]
[BlackElo "1920"]
[PlyCount "27"]
[EventDate "2016.??.??"]
[WhiteTeam "Schachclub 1998 Gotha"]
[BlackTeam "SV Breitenworbis"]

1. d4 d6 2. c4 Nf6 3. Nc3 Nbd7 4. e4 e5 5. d5 Nc5 6. Bg5 Be7 7. Bxf6 Bxf6 8.
Nf3 a5 9. h3 g6 10. Qd2 Bg7 11. g4 h6 12. Bd3 Bd7 13. Bc2 a4 14. Qe3 1/2-1/2

[Event "Landesklasse West 2015/2016"]
[Site "?"]
[Date "2016.01.24"]
[Round "9"]
[White "Vergin, Marcel"]
[Black "Bauer, Wilfried"]
[Result "0-1"]
[WhiteElo "1811"]
[BlackElo "1594"]
[PlyCount "114"]
[EventDate "2016.??.??"]
[WhiteTeam "SV Breitenworbis"]
[BlackTeam "Schachclub 1998 Gotha"]

1. d4 g6 2. Nf3 Bg7 3. e3 Nf6 4. Be2 O-O 5. O-O d6 6. b4 c6 7. Bb2 a5 8. bxa5
Rxa5 9. c4 Qb6 10. Bc3 Ra7 11. Qc2 Bf5 12. Bd3 Bxd3 13. Qxd3 Nbd7 14. Nbd2 Rfa8
15. Rfb1 Qc7 16. Rb2 b5 17. cxb5 cxb5 18. Bb4 Nd5 19. Qb3 Qb7 20. Rc2 Ra4 21.
Bc3 Ra3 22. Qb2 Qa6 23. Nb3 N7b6 24. Qc1 Nxc3 25. Rxc3 b4 26. Rc6 Qb5 27. Rc2
Bf8 28. Nfd2 Nd5 29. Qb2 Nc3 30. Nb1 Rxa2 31. Qxa2 Nxa2 32. Raxa2 Rxa2 33. Rxa2
f5 34. N1d2 Bh6 35. g3 g5 36. Ra5 Qd3 37. Ra8+ Kf7 38. Rb8 f4 39. Rxb4 fxe3 40.
fxe3 g4 41. Nf1 Bxe3+ 42. Nxe3 Qxe3+ 43. Kf1 Qd3+ 44. Kf2 Qb1 45. d5 h5 46.
Rf4+ Kg6 47. Nd2 Qh1 48. Re4 Qxh2+ 49. Ke3 Qxg3+ 50. Kd4 Qg1+ 51. Kd3 Kf7 52.
Rf4+ Ke8 53. Nc4 h4 54. Ne3 h3 55. Nxg4 h2 56. Nxh2 Qxh2 57. Ke4 Kd7 0-1

[Event "Landesklasse West 2015/2016"]
[Site "?"]
[Date "2016.01.24"]
[Round "9"]
[White "Schlick, Stefan"]
[Black "Leibeling, Lucian"]
[Result "0-1"]
[WhiteElo "1714"]
[BlackElo "1830"]
[PlyCount "160"]
[EventDate "2016.??.??"]
[WhiteTeam "Schachclub 1998 Gotha"]
[BlackTeam "SV Breitenworbis"]

1. d4 d5 2. c4 e6 3. Nf3 Nf6 4. Nc3 Be7 5. Bg5 Nbd7 6. e3 O-O 7. Qc2 c6 8. a3
b6 9. cxd5 cxd5 10. Bd3 Bb7 11. O-O h6 12. Bh4 Rc8 13. Qe2 Ne4 14. Bxe7 Qxe7
15. Rac1 Ndf6 16. Ba6 Nxc3 17. Rxc3 Rxc3 18. bxc3 Rc8 19. Bxb7 Qxb7 20. Rc1 Ne4
21. Qb2 Rc7 22. Nd2 Nxd2 23. Qxd2 Qa6 24. Qb2 Qc4 25. g3 b5 26. Qb4 a6 27. Kg2
Kh7 28. h3 Qc6 29. Qb1+ g6 30. Qb4 Kg7 31. Kh2 Qb6 32. Qb3 Rc4 33. Kg2 Qc6 34.
Kf1 Ra4 35. Ke1 Qd6 36. Ra1 h5 37. h4 Qe7 38. Ke2 Qf6 39. Qc2 Qf5 40. Qd2 Qg4+
41. Kd3 f6 42. Kc2 e5 43. dxe5 Qe4+ 44. Kb2 fxe5 45. Rd1 d4 46. exd4 exd4 47.
Re1 Qc6 48. cxd4 Qd6 49. Qc3 Rc4 50. Qe3 Qxd4+ 51. Qxd4+ Rxd4 52. Kc3 Rc4+ 53.
Kb3 a5 54. Re5 a4+ 55. Kb2 b4 56. axb4 Rxb4+ 57. Ka3 Rd4 58. Rg5 Kf6 59. f4 Re4
60. g4 hxg4 61. Rxg4 Rd4 62. Ka2 Rc4 63. Ka3 Re4 64. Ka2 Re3 65. Kb2 a3+ 66.
Ka2 Rf3 67. Ka1 Rf2 68. Kb1 a2+ 69. Ka1 Rh2 70. h5 gxh5 71. Rg8 h4 72. f5 h3
73. Rg6+ Ke5 74. Re6+ Kd4 75. Rd6+ Kc3 76. Rc6+ Kd3 77. f6 Rf2 78. Ra6 h2 79.
Ra3+ Ke4 80. Rh3 Rf1+ 0-1

[Event "Landesklasse West 2015/2016"]
[Site "?"]
[Date "2016.01.24"]
[Round "9"]
[White "Biel, Peter"]
[Black "Reucker, Friedrich"]
[Result "1-0"]
[WhiteElo "1666"]
[BlackElo "1660"]
[PlyCount "107"]
[EventDate "2016.??.??"]
[WhiteTeam "SV Breitenworbis"]
[BlackTeam "Schachclub 1998 Gotha"]

1. e4 e6 2. d4 d5 3. Nc3 dxe4 4. Nxe4 Nd7 5. Be3 Ngf6 6. Bd3 Nxe4 7. Bxe4 Nf6
8. Bf3 Be7 9. Ne2 O-O 10. O-O Nd5 11. c4 Nxe3 12. fxe3 c5 13. Qc2 Qc7 14. Rad1
Bd7 15. Rd3 Rac8 16. b3 Rfd8 17. Nc3 a6 18. d5 Bd6 19. g3 Be5 20. Ne4 exd5 21.
Rxd5 b6 22. Ng5 g6 23. Qe4 f6 24. Rfd1 Bf5 25. Rxd8+ Rxd8 26. Rxd8+ Qxd8 27.
Qd5+ Qxd5 28. Bxd5+ Kg7 29. Ne6+ Kh6 30. e4 Bg4 31. Nf4 g5 32. Nd3 Be2 33. Nxe5
fxe5 34. Kf2 Bd3 35. Ke3 Bf1 36. Be6 a5 37. Kd2 Kg7 38. g4 Bh3 39. Bf5 h6 40.
Kc3 Kf6 41. a3 Bf1 42. b4 a4 43. Bd7 Be2 44. Bxa4 Bxg4 45. Kd3 h5 46. Ke3 cxb4
47. axb4 Be6 48. Bb3 Bd7 49. c5 bxc5 50. bxc5 g4 51. Bd5 h4 52. Bb7 h3 53. Kf2
Kg5 54. Kg3 1-0

[Event "Landesklasse West 2015/2016"]
[Site "?"]
[Date "2016.01.24"]
[Round "9"]
[White "Schmidt, Helge"]
[Black "Lotze, Andreas"]
[Result "1-0"]
[WhiteElo "1838"]
[BlackElo "1568"]
[PlyCount "91"]
[EventDate "2016.??.??"]
[WhiteTeam "Schachclub 1998 Gotha"]
[BlackTeam "SV Breitenworbis"]

1. f4 d5 2. Nf3 Nf6 3. g3 c6 4. Bg2 Nbd7 5. d3 Qc7 6. Nc3 e5 7. e4 d4 8. Ne2
Bb4+ 9. Bd2 Bxd2+ 10. Qxd2 c5 11. a4 Ng4 12. Bh3 h5 13. Bxg4 hxg4 14. Nxe5 Nxe5
15. fxe5 Qxe5 16. Qf4 Qe7 17. O-O Be6 18. b3 O-O-O 19. a5 Rh6 20. Qd2 g5 21.
Rf2 Rdh8 22. b4 cxb4 23. Rb1 Qc7 24. Qxb4 Rd8 25. Nxd4 Rdh8 26. Ne2 Qc6 27. Qc3
Bd7 28. Qe5 f6 29. Qd4 Kb8 30. Qb2 Qc7 31. a6 b6 32. Qc3 Qd6 33. Qd4 Qc7 34. c4
Kc8 35. Qe3 Qe5 36. c5 bxc5 37. Rc1 Kd8 38. Rxc5 Qa1+ 39. Rc1 Qxa6 40. Qd4 Qb6
41. Ra1 Ke7 42. Rxa7 Qb1+ 43. Rf1 Qb5 44. Nc3 Qc6 45. Nd5+ Kf7 46. Rxf6+ 1-0

[Event "Thüringenliga 2015/2016"]
[Site "?"]
[Date "2016.01.10"]
[Round "9"]
[White "Darr, Sascha"]
[Black "Steinacker, Alex"]
[Result "0-1"]
[WhiteElo "2066"]
[BlackElo "2177"]
[PlyCount "64"]
[EventDate "2016.??.??"]
[WhiteTeam "SV Jenapharm Jena"]
[BlackTeam "Erfurter Schachklub"]

1. Nf3 c5 2. g3 Nc6 3. Bg2 g6 4. O-O Bg7 5. d3 e6 6. c4 Nge7 7. Nc3 O-O 8. Rb1
b6 9. a3 Bb7 10. Bf4 d6 11. Ne4 e5 12. Bg5 f5 13. Nc3 h6 14. Bd2 Qd7 15. Ne1
Nd4 16. Nd5 Rae8 17. e3 Ne6 18. b4 Kh7 19. a4 f4 20. a5 Nxd5 21. cxd5 Ng5 22.
h4 Nh3+ 23. Kh2 fxg3+ 24. fxg3 Nf2 25. Qe2 Ng4+ 26. Kg1 Rxf1+ 27. Qxf1 Rf8 28.
Qe2 Rf2 29. Qd1 Qf5 30. Bf3 e4 31. Bxg4 Rf1+ 32. Kh2 Qf2+ 0-1

[Event "Thüringenliga 2015/2016"]
[Site "?"]
[Date "2016.01.10"]
[Round "9"]
[White "Heinzel, Olaf"]
[Black "August, Daniel"]
[Result "1-0"]
[WhiteElo "2338"]
[BlackElo "2025"]
[PlyCount "85"]
[EventDate "2016.??.??"]
[WhiteTeam "Erfurter Schachklub"]
[BlackTeam "SV Jenapharm Jena"]

1. d4 d6 2. Bf4 Nf6 3. e3 g6 4. Be2 Bg7 5. h3 c5 6. c3 Qb6 7. Qb3 Be6 8. Qa3
O-O 9. Nd2 Rc8 10. Ngf3 Nc6 11. O-O cxd4 12. exd4 Na5 13. Rfe1 Bf8 14. Rac1 Nc6
15. Ng5 Bd7 16. Nc4 Qd8 17. Qb3 Be8 18. a4 Na5 19. Nxa5 Qxa5 20. Bb5 d5 21.
Bxe8 Rxe8 22. Qxb7 Nh5 23. Bc7 Qxa4 24. Qxd5 e6 25. Qf3 Qd7 26. Be5 Bh6 27. Ne4
Bxc1 28. Nf6+ Nxf6 29. Qxf6 Kf8 30. Rxc1 Reb8 31. c4 Ke8 32. Qh8+ Ke7 33. Qxh7
Qb7 34. c5 Qxb2 35. Bd6+ Kf6 36. Qh4+ Kg7 37. Be5+ Kf8 38. Qh6+ Ke8 39. c6 Qb4
40. Rc5 Qe1+ 41. Kh2 Qxf2 42. Bd6 Qxd4 43. Qf8# 1-0

[Event "Thüringenliga 2015/2016"]
[Site "?"]
[Date "2016.01.10"]
[Round "9"]
[White "Mißbach, Bernd"]
[Black "Casper, Thomas"]
[Result "1/2-1/2"]
[WhiteElo "1961"]
[BlackElo "2324"]
[PlyCount "35"]
[EventDate "2016.??.??"]
[WhiteTeam "SV Jenapharm Jena"]
[BlackTeam "Erfurter Schachklub"]

1. Nf3 Nf6 2. g3 d6 3. d4 g6 4. Bg2 Bg7 5. O-O O-O 6. c4 Ne4 7. Nc3 Nxc3 8.
bxc3 Nc6 9. Bb2 e5 10. e3 Bd7 11. Nd2 Qe7 12. Ba3 b6 13. Qc2 Rfe8 14. Nb3 Rad8
15. Rac1 e4 16. Nd2 Bf5 17. Qa4 Qd7 18. Qc2 1/2-1/2

[Event "Thüringenliga 2015/2016"]
[Site "?"]
[Date "2016.01.10"]
[Round "9"]
[White "Troyke, Christian"]
[Black "Wicklein, Stefan"]
[Result "1-0"]
[WhiteElo "2326"]
[BlackElo "1952"]
[PlyCount "63"]
[EventDate "2016.??.??"]
[WhiteTeam "Erfurter Schachklub"]
[BlackTeam "SV Jenapharm Jena"]

1. g3 d5 2. Nf3 Nf6 3. Bg2 e6 4. O-O Be7 5. c4 O-O 6. d4 c6 7. Qc2 Nbd7 8. Nbd2
b6 9. e4 Ba6 10. b3 c5 11. exd5 exd5 12. Rd1 cxd4 13. Nxd4 Rc8 14. Qf5 Bc5 15.
Bb2 dxc4 16. Nxc4 Bxc4 17. bxc4 Bxd4 18. Bxd4 Qe7 19. Bf1 Nc5 20. Re1 Ne6 21.
Bb2 Rfd8 22. Re3 Ne8 23. Bd3 Rxd3 24. Qxd3 Qb4 25. Ba3 Qxc4 26. Rc1 Qxd3 27.
Rxd3 Rxc1+ 28. Bxc1 Nf6 29. Bb2 Kf8 30. Bxf6 gxf6 31. Ra3 a5 32. Rb3 1-0

[Event "Thüringenliga 2015/2016"]
[Site "?"]
[Date "2016.01.10"]
[Round "9"]
[White "Vater, Rainer"]
[Black "Brüggemann, Joachim"]
[Result "0-1"]
[WhiteElo "1904"]
[BlackElo "2203"]
[PlyCount "64"]
[EventDate "2016.??.??"]
[WhiteTeam "SV Jenapharm Jena"]
[BlackTeam "Erfurter Schachklub"]

1. e4 c5 2. Nc3 Nc6 3. g4 a6 4. Bg2 b5 5. d3 e6 6. h3 Bb7 7. Nf3 b4 8. Ne2 d5
9. Ng3 Nf6 10. O-O dxe4 11. dxe4 Qc7 12. Nd2 Rd8 13. c3 Bd6 14. Ne2 h5 15. g5
Ng4 16. Qc2 Bh2+ 17. Kh1 Bg1 18. Nf3 Bxf2 19. Bf4 e5 20. hxg4 exf4 21. Rxf2
hxg4+ 22. Kg1 gxf3 23. Bxf3 Qe5 24. Rg2 bxc3 25. bxc3 c4 26. Rd1 Qc5+ 27. Kf1
Rh1+ 28. Ng1 Rd3 29. Rxd3 cxd3 30. Qxd3 Ne5 31. Qe2 Qxc3 32. Rf2 Nxf3 0-1

[Event "Thüringenliga 2015/2016"]
[Site "?"]
[Date "2016.01.10"]
[Round "9"]
[White "Krüger, Rainer"]
[Black "Rauhut, Frank"]
[Result "1-0"]
[WhiteElo "2068"]
[BlackElo "1890"]
[PlyCount "51"]
[EventDate "2016.??.??"]
[WhiteTeam "Erfurter Schachklub"]
[BlackTeam "SV Jenapharm Jena"]

1. Nf3 Nf6 2. g3 d6 3. Bg2 g6 4. O-O Bg7 5. d4 O-O 6. c4 a6 7. Nc3 Nc6 8. b3
Rb8 9. Bb2 b5 10. cxb5 axb5 11. Rc1 Bd7 12. Ne1 b4 13. Na4 Na7 14. Nd3 Bb5 15.
Qd2 Qd7 16. Nxb4 Bxa4 17. bxa4 Qxa4 18. a3 Rfc8 19. d5 Ne8 20. Bxg7 Kxg7 21.
Bh3 Rd8 22. Qe3 Kf8 23. Rc4 Rb7 24. Qh6+ Kg8 25. Rh4 Nf6 26. Nc6 1-0

[Event "Thüringenliga 2015/2016"]
[Site "?"]
[Date "2016.01.10"]
[Round "9"]
[White "Jung, Florian"]
[Black "Burkhardt, Kai"]
[Result "1-0"]
[WhiteElo "1857"]
[BlackElo "1835"]
[PlyCount "51"]
[EventDate "2016.??.??"]
[WhiteTeam "SV Jenapharm Jena"]
[BlackTeam "Erfurter Schachklub"]

1. e4 c5 2. Nf3 d6 3. Nc3 a6 4. d4 cxd4 5. Nxd4 Nf6 6. h3 e5 7. Nf3 Be7 8. Be3
b5 9. a4 b4 10. Nd5 Nbd7 11. Nxb4 Qa5 12. c3 Bb7 13. Bc4 Bxe4 14. Ng5 Bg6 15.
Qb3 Rf8 16. f4 exf4 17. Bxf4 Qf5 18. O-O Qc5+ 19. Kh1 Nh5 20. Rae1 Nxf4 21.
Rxf4 Ne5 22. Nf3 Qf2 23. Nd5 Nxf3 24. Rxe7+ Kd8 25. Rxf3 Bc2 26. Qb7 1-0

[Event "Thüringenliga 2015/2016"]
[Site "?"]
[Date "2016.01.24"]
[Round "9"]
[White "Hoffmann, Tim"]
[Black "Wehner, Janis"]
[Result "1/2-1/2"]
[WhiteElo "2062"]
[BlackElo "2157"]
[PlyCount "30"]
[EventDate "2016.??.??"]
[WhiteTeam "ESV Gera"]
[BlackTeam "SV Medizin Erfurt"]

1. e4 c5 2. Nf3 Nc6 3. d4 cxd4 4. Nxd4 g6 5. Nc3 Bg7 6. Be3 Nf6 7. Bc4 Qa5 8.
O-O O-O 9. Nb3 Qc7 10. Be2 d6 11. f4 Be6 12. Bf3 Rfd8 13. Nd5 Bxd5 14. exd5 Na5
15. Nxa5 Qxa5 1/2-1/2

[Event "Thüringenliga 2015/2016"]
[Site "?"]
[Date "2016.01.24"]
[Round "9"]
[White "Hausknecht, Matthias"]
[Black "Puschendorf, Steffen"]
[Result "1-0"]
[WhiteElo "2113"]
[BlackElo "2086"]
[PlyCount "57"]
[EventDate "2016.??.??"]
[WhiteTeam "SV Medizin Erfurt"]
[BlackTeam "ESV Gera"]

1. Nf3 e6 2. g3 d5 3. Bg2 f5 4. O-O Nf6 5. d3 Bc5 6. a3 O-O 7. b4 Bd6 8. c4 c6
9. Bb2 Nbd7 10. Nbd2 a5 11. e4 fxe4 12. dxe4 dxe4 13. Ng5 Ne5 14. c5 Be7 15.
Ngxe4 Nxe4 16. Bxe4 Qe8 17. Qe2 Nd7 18. Nc4 Nf6 19. Bg2 axb4 20. axb4 Rxa1 21.
Bxa1 Nd5 22. Nd6 Qd7 23. Nxc8 Rxc8 24. Bh3 Re8 25. Re1 Qc7 26. Bxe6+ Kf8 27.
Qf3+ Nf6 28. g4 Ra8 29. Bc3 1-0

[Event "Thüringenliga 2015/2016"]
[Site "?"]
[Date "2016.01.24"]
[Round "9"]
[White "Gläßl, Matthias"]
[Black "Nguyen, Huy Dat"]
[Result "1/2-1/2"]
[WhiteElo "2024"]
[BlackElo "2082"]
[PlyCount "80"]
[EventDate "2016.??.??"]
[WhiteTeam "ESV Gera"]
[BlackTeam "SV Medizin Erfurt"]

1. e4 c5 2. Nc3 Nc6 3. g3 g6 4. Bg2 Bg7 5. d3 d6 6. Bg5 Qa5 7. Bd2 Nf6 8. Nge2
O-O 9. Qc1 Nd4 10. Nxd4 cxd4 11. Nd5 Qd8 12. Nxf6+ Bxf6 13. c4 dxc3 14. Bxc3
Bxc3+ 15. Qxc3 Be6 16. O-O Qb6 17. d4 Rac8 18. Qd2 Rc4 19. d5 Bd7 20. b3 Rc5
21. Rac1 Rfc8 22. Rfe1 Qc7 23. Rxc5 Qxc5 24. Bf3 Qc3 25. Qxc3 Rxc3 26. Kg2 Kg7
27. e5 dxe5 28. Rxe5 Kf6 29. Re4 Bf5 30. Ra4 a6 31. d6 Bh3+ 32. Kxh3 Rxf3 33.
dxe7 Kxe7 34. Kg2 Rd3 35. Rb4 b5 36. a4 Rd5 37. axb5 Rxb5 38. Ra4 Rxb3 39. Rxa6
Rd3 40. h4 h5 1/2-1/2

[Event "Thüringenliga 2015/2016"]
[Site "?"]
[Date "2016.01.24"]
[Round "9"]
[White "Kirschbaum, Gunnar"]
[Black "Schmidt, Frank"]
[Result "0-1"]
[WhiteElo "2114"]
[BlackElo "1956"]
[PlyCount "58"]
[EventDate "2016.??.??"]
[WhiteTeam "SV Medizin Erfurt"]
[BlackTeam "ESV Gera"]

1. d4 Nf6 2. c4 g6 3. Nc3 Bg7 4. e4 d6 5. f4 O-O 6. Nf3 c5 7. d5 e6 8. Be2 exd5
9. cxd5 Re8 10. e5 dxe5 11. fxe5 Ng4 12. Bg5 Qb6 13. O-O Nxe5 14. d6 Nxf3+ 15.
Bxf3 Qxb2 16. Nd5 Bd4+ 17. Kh1 Qxa1 18. Qxa1 Bxa1 19. Rxa1 Re5 20. Bf6 Rxd5 21.
Bxd5 Nd7 22. Bc3 Nb6 23. Re1 Bd7 24. Bxb7 Re8 25. Rxe8+ Bxe8 26. Bf6 Bd7 27.
Kg1 Kf8 28. Kf2 Ke8 29. h3 Bb5 0-1

[Event "Thüringenliga 2015/2016"]
[Site "?"]
[Date "2016.01.24"]
[Round "9"]
[White "Hilbig, Dieter"]
[Black "Reichel, Norbert"]
[Result "0-1"]
[WhiteElo "1880"]
[BlackElo "2040"]
[PlyCount "98"]
[EventDate "2016.??.??"]
[WhiteTeam "ESV Gera"]
[BlackTeam "SV Medizin Erfurt"]

1. e4 c5 2. Nc3 g6 3. f4 Bg7 4. Nf3 e6 5. g3 Nc6 6. Bg2 d6 7. O-O Nge7 8. Kh1
O-O 9. Ne2 d5 10. d3 b6 11. c3 d4 12. cxd4 cxd4 13. e5 Rb8 14. Bd2 Bb7 15. g4
b5 16. Ng3 Nd5 17. Qe2 f5 18. exf6 Qxf6 19. Ng5 Nc7 20. Rac1 h6 21. Bxc6 hxg5
22. Bxb7 Rxb7 23. Ne4 Qd8 24. Nxg5 Qd5+ 25. Kg1 Bh6 26. Rxc7 Rxc7 27. Qxe6+
Qxe6 28. Nxe6 Rc2 29. Nxf8 Bxf8 30. Rf2 Rxb2 31. Ba5 Rb1+ 32. Kg2 Rd1 33. Rd2
Ra1 34. Kf3 Bd6 35. Re2 Rf1+ 36. Rf2 Rb1 37. Ke4 Bb4 38. Bc7 Bc3 39. Be5 Re1+
40. Kd5 Re3 41. f5 Kf7 42. fxg6+ Kxg6 43. h4 Rxd3 44. Rf6+ Kh7 45. g5 Re3 46.
Rh6+ Kg8 47. g6 Rxe5+ 48. Kxe5 d3+ 49. Kf5 d2 0-1

[Event "Thüringenliga 2015/2016"]
[Site "?"]
[Date "2016.01.24"]
[Round "9"]
[White "Müller-Ludwig, Kristin"]
[Black "Steinmüller, Johannes"]
[Result "1-0"]
[WhiteElo "1935"]
[BlackElo "1722"]
[PlyCount "111"]
[EventDate "2016.??.??"]
[WhiteTeam "SV Medizin Erfurt"]
[BlackTeam "ESV Gera"]

1. e4 c5 2. Nf3 Nc6 3. d4 cxd4 4. Nxd4 g6 5. c4 Bg7 6. Be3 Nf6 7. Nc3 Ng4 8.
Qxg4 Nxd4 9. Qd1 e5 10. Bd3 O-O 11. O-O d6 12. Qd2 Be6 13. Rfd1 a6 14. f3 Rc8
15. b3 Qa5 16. Rac1 Rfd8 17. Bf1 f5 18. Ne2 Qxd2 19. Rxd2 Nxe2+ 20. Bxe2 b5 21.
Rdc2 bxc4 22. Bxc4 Bxc4 23. Rxc4 Rxc4 24. Rxc4 d5 25. exd5 Rxd5 26. Kf1 a5 27.
Rc5 Rxc5 28. Bxc5 Kf7 29. Bb6 a4 30. bxa4 Ke6 31. a5 Kd5 32. a6 Kc6 33. a7 Kb7
34. Ke2 Bf8 35. Kd3 Bd6 36. h3 g5 37. Kc4 e4 38. fxe4 fxe4 39. Kd5 Bg3 40. Kxe4
h5 41. Kf5 g4 42. hxg4 hxg4 43. Kxg4 Be1 44. Kf3 Bh4 45. Bf2 Bg5 46. g4 Be7 47.
Ke4 Bg5 48. Be3 Be7 49. Kf5 Bd8 50. Bd4 Be7 51. Bf6 Bf8 52. g5 Kxa7 53. Ke6 Bb4
54. g6 Bf8 55. Kf7 Bh6 56. Bg5 1-0